| 000 | 01141nac a22003131u 4500 | ||
|---|---|---|---|
| 999 |
_c9021 _d9021 |
||
| 003 | EG-ScBUE | ||
| 005 | 20200923135706.0 | ||
| 008 | 200219t2003 nyua f 000 0 eng d | ||
| 020 | _a0393978311 | ||
| 020 | _a9780393978315 | ||
| 040 |
_aEG-ScBUE _beng _erda _cEG-ScBUE _dEG-ScBUE |
||
| 082 | 0 | 4 |
_a338.5 _bBER _222 |
| 100 |
_aBergstrom, Theodore C., _eauthor. _938822 |
||
| 245 | 1 | 0 |
_aWorkouts in intermediate microeconomics / _cTheodore C. Bergstrom, University of California Santa Barbara, Hal R. Varian, University of California at Berkeley. |
| 250 | _aSixth edition. | ||
| 264 | 1 |
_aNew York ; _aLondon : _bW.W. Norton & Company, _c[2003] |
|
| 264 | 4 | _cc2003 | |
| 300 |
_a1 volume (various pagings) ; _billustrations ; _c28 cm |
||
| 336 |
_2rdacontent _atext _btxt |
||
| 337 |
_2rdamedia _aunmediated _bn |
||
| 338 |
_2rdacarrier _avolume _bnc |
||
| 500 | _adistributer: Baccah | ||
| 500 | _aOne copy Distributed by Dar Fathy Taha Mohamed Desoukey | ||
| 650 | 7 |
_aMicroeconomics. _2BUEsh |
|
| 653 |
_bBUSECO _cSeptember2020 |
||
| 655 |
_vReading book _934232 |
||
| 700 | 1 |
_aVarian, Hal R., _eauthor. |
|
| 942 |
_k338.5BER _2ddc _cBB |
||